European Geography - Sudden Death - Statistics

General Stats
  • This quiz has been taken 894 times
  • The average score is 8 of 15
Answers on the Grid
Answers color-coded by a green-red scale on the quiz's grid according to % correct below.
Alps
Lucayan Archipelago
Cape Agulhas
Matterhorn
Gulf of Carpentaria
Gulf of Guinea
Bay of Bengal
Colorado Gulf
Bay of Biscay
Ellesmere Island
Komsomolets Island
Lake Baikhash
Lake Mistassini
Lesbos
English Channel
Azov Sea
Bering Sea
Sea of Marmara
Mediterranean Sea
Mont Blanc
Carpathian Mountains
Øresund
Kola Peninsula
Cape York Peninsula
Brittany Peninsula
Drin River
Lena River
Rockiex
Tasmania
Vistula River
 
Answer Stats
Answer % Correct
Alps
82%
English Channel
78%
Mediterranean Sea
73%
Mont Blanc
71%
Øresund
65%
Matterhorn
58%
Lesbos
57%
Brittany Peninsula
51%
Carpathian Mountains
51%
Bay of Biscay
45%
Vistula River
43%
Azov Sea
35%
Sea of Marmara
28%
Kola Peninsula
16%
Drin River
12%
No matching quizzes found
Score Distribution
Percent of People with Each Score
Percentile by Number Answered
Your Score History
You have not taken this quiz